[Event "FIDE Online Steinitz Memorial Open"]
[Site "Internet"]
[Date "2020.05.16"]
[Round "11"]
[White "Svidler, Peter"]
[Black "Xiong, Jeffery"]
[Result "1-0"]
[WhiteElo "2754"]
[BlackElo "2724"]
[Annotator "TA"]
[PlyCount "99"]
[EventDate "2020.05.15"]
[EventType "tourn"]
[SourceTitle "playchess.com"]
[Source "ChessBase"]
[SourceQuality "1"]

{[%evp 19,99,26,34,35,39,28,36,23,25,39,27,18,20,6,16,18,62,25,11,10,12,0,8,3,13,0,65,0,0,-9,0,-26,-13,-67,-54,-70,-70,-73,-14,-8,-10,-7,-27,-21,0,0,0,-136,-150,-238,-242,-186,-152,-183,-183,-165,-186,-420,-44,-44,-40,-44,-44,-44,-44,-44,-44,-44,-44,-44,-38,-101,-104,-96,-97,-154,0,0,0,0,0,0]} 1. Nf3 Nf6 2. c4 c5 3. g3 b6 4. Bg2 Bb7 5. O-O g6 6. d4 cxd4 7. Qxd4 Bg7 8. Nc3 d6 9. Be3 Nbd7 10. Rac1 Rc8 11. b3 {A30: Symmetrical English: Double Fianchetto and Hedgehog.} a6 12. Nd5 $5 {[%mdl 4] Leaves trodden paths.} O-O 13. Nxf6+ {White is slightly better.} (13. Nxb6 $2 Ne4 $19) 13... Bxf6 14. Qd2 Rc7 {[#]} 15. Bh6 $146 ({Predecessor:} 15. Ne1 Qb8 16. Bxb7 Qxb7 17. Nd3 Bg7 18. Nb4 Nf6 19. Nd5 Nxd5 20. cxd5 Rfc8 21. Rxc7 Rxc7 22. Rc1 h5 23. Rxc7 Qxc7 24. Qc1 Qxc1+ 25. Bxc1 {½-½ (25) Illescas Cordoba,M (2595)-Khalifman,A (2702) Dos Hermanas 2003}) 15... Re8 16. Rfd1 Qa8 17. Ne1 Rec8 18. Bxb7 Qxb7 19. Ng2 b5 {[%cal Rb5c4]} 20. Ne3 Nb6 {[%cal Rb5c4]} 21. cxb5 axb5 22. Rxc7 Rxc7 (22... Qxc7 $11 23. Ng4 Bc3) 23. Ng4 (23. a4 $14) 23... Bc3 $11 24. Qd3 b4 25. h4 Rc5 26. Kh2 (26. Qe3 $11 Qd7 27. Qxc5 dxc5 28. Rxd7 Nxd7 29. f3) 26... Nd7 $15 27. Be3 Rc8 28. Bd4 h5 (28... Nc5 $1 $17 {[%cal Rc5d3]} 29. Bxc5 (29. Nh6+ Kf8 $17) 29... Rxc5) 29. Ne3 $1 $11 Nc5 $36 {[%mdl 2048] Black has the initiative.} 30. Bxc5 $1 Rxc5 31. Nd5 Be5 32. Qe4 {And now Nf6+! would win.} Rb5 33. Qc4 (33. f4 $11 {remains equal.} e6 34. fxe5 exd5 35. Qd4) 33... e6 $17 34. Ne3 (34. Nf4 $17) 34... Rc5 $1 $19 {[%cal Rc5c4]} 35. Qd3 d5 36. Ng2 Rc3 37. Qd2 {[#]} Qc7 $1 38. e3 $2 (38. Ne3 {is the only way for White.}) 38... Qc5 $2 (38... Rc2 $19 39. Qe1 Qa7) 39. Ne1 $15 Qa5 40. Kg2 Kg7 41. Nf3 Bf6 42. Ne1 Qc7 43. Qe2 Qc6 44. Nd3 Qa6 45. e4 ({White should try} 45. Rd2 $15) 45... dxe4 $17 46. Qxe4 Qxa2 {Threatens to win with ...Qc2.} 47. Nf4 (47. Nxb4 $142 Qxb3 48. Rd7) 47... Qc2 $2 {[#]} ({Inferior is} 47... Rxb3 {[#]} 48. Rd7 $1 $14 {[%mdl 512]}) (47... Rc2 $17 48. Qf3 Qa7) 48. Nxe6+ $1 $11 {[%mdl 512] [#]The position is equal.} Kg8 $1 {[%mdl 512]} (48... fxe6 49. Rd7+) 49. Qa8+ Kh7 {[#]} 50. Rd7 $1 {[%mdl 33280] Whites escaped into a draw. Accuracy: White = 68%, Black = 83%. . Loss on time!?} 1-0

[Event "FIDE Online Steinitz Memorial Open"]
[Site "Internet"]
[Date "2020.05.16"]
[Round "11"]
[White "Dubov, Daniil"]
[Black "Mamedyarov, Shakhriyar"]
[Result "1/2-1/2"]
[WhiteElo "2720"]
[BlackElo "2716"]
[Annotator "TA"]
[PlyCount "113"]
[EventDate "2020.05.15"]
[EventType "tourn"]
[SourceTitle "playchess.com"]
[Source "ChessBase"]
[SourceQuality "1"]

{[%evp 11,112,12,16,16,16,11,22,7,22,17,18,15,19,25,23,16,10,4,6,0,12,12,13,0,0,0,25,8,4,10,10,8,22,20,20,22,28,10,27,15,15,15,15,15,26,16,27,27,27,27,27,27,27,27,27,27,27,27,27,27,37,26,37,8,37,0,2,0,2,2,2,2,2,2,2,2,2,2,2,2,2,0,0,0,0,0,0,0,0,0,0,0,0,0,0,0,0,0,0,0,0,0,0]} 1. c4 e5 2. Nc3 Nc6 3. Nf3 Nf6 4. g3 Nd4 5. Bg2 Nxf3+ 6. Bxf3 Bc5 7. O-O {A29: English Opening: Four Knights Variation with 4 g3.} O-O 8. d3 {8.d3 was played by the boomers.} Re8 {[#]} 9. Bg2 $146 ({Predecessor:} 9. Bg5 c6 10. Rb1 Bb4 11. Bg2 h6 12. Bxf6 Qxf6 13. Qa4 Qe7 14. a3 Bxc3 15. bxc3 d6 16. Rb2 h5 17. h4 f5 18. e3 Qf7 19. Qb4 Qf8 {½-½ (19) Grabner,H (2383)-Ilczuk,J (2470) ICCF email 2003}) 9... c6 10. Bg5 h6 11. Bxf6 Qxf6 12. Ne4 Qe7 13. Nxc5 Qxc5 14. Qd2 a5 15. b3 d6 16. a3 Bf5 17. b4 axb4 18. axb4 Qb6 19. Qc3 Qd4 20. Qxd4 exd4 21. Bf3 g5 22. g4 Bd7 23. Rfb1 h5 24. h3 Kg7 25. Kg2 hxg4 26. hxg4 f5 27. gxf5 Bxf5 28. Kg3 Kf6 29. Rxa8 Rxa8 $11 {[%mdl 4096] Endgame KRB-KRB} 30. b5 Re8 31. bxc6 bxc6 32. Rb6 g4 $1 {[%cal Rg4f3]} 33. Bxg4 Bxg4 34. Kxg4 Rxe2 35. Rxc6 {KR-KR} Ke7 36. Rc7+ Kf6 37. Rc8 {Kf3 is the strong threat.} Ke7 38. f4 {Black must now prevent Rc7+.} Re3 {The position is equal.} 39. Kf5 Rxd3 40. Ke4 Rd1 41. Rc7+ Kd8 42. Rc6 Kd7 43. Kd5 Rf1 44. Rxd6+ Kc7 45. Kc5 Rxf4 {[#] ( -> ...Rf5+)} 46. Rxd4 (46. Rc6+ {seems wilder.} Kd7 47. Rg6 Rh4 48. Rg7+ Ke6 49. Rg5) 46... Rxd4 47. Kxd4 {White wants to mate with Kc5. KP-K} Kd6 48. c5+ Kc6 49. Kc4 Kc7 50. Kd5 Kd7 51. c6+ Kc7 52. Kc5 Kc8 53. Kb5 Kc7 54. Kc5 Kc8 55. Kb6 {[#] Intending c7 and mate.} Kb8 56. c7+ (56. Ka6 $5 {[%cal Ra6b6]} Kc8 57. Kb6 $11) 56... Kc8 57. Kc6 {Accuracy: White = 96%, Black = 97%.} 1/2-1/2

[Event "FIDE Online Steinitz Memorial Open"]
[Site "Internet"]
[Date "2020.05.16"]
[Round "12"]
[White "Xiong, Jeffery"]
[Black "Grischuk, Alexander"]
[Result "1/2-1/2"]
[WhiteElo "2724"]
[BlackElo "2765"]
[Annotator "TA"]
[PlyCount "49"]
[EventDate "2020.05.15"]
[EventType "tourn"]
[SourceTitle "playchess.com"]
[Source "ChessBase"]
[SourceQuality "1"]

{[%evp 14,49,26,29,28,27,29,18,31,10,18,0,11,0,17,10,22,21,19,12,44,39,54,42,35,30,117,58,147,7,39,20,30,0,23,0,22,0]} 1. e4 c5 2. Nf3 d6 3. Bb5+ Bd7 4. Bxd7+ Nxd7 5. O-O Ngf6 6. Qe2 e6 7. d4 cxd4 8. Nxd4 a6 $1 {[%mdl 4] is currently scoring better than 8...Be7. B52: Sicilian: Moscow Variation with 3...Bd7.} 9. c4 Rc8 10. b3 g6 11. Bb2 Bg7 12. Nc3 O-O 13. Rad1 Qb6 {[#]} 14. Rd2 $146 ({Predecessor:} 14. Kh1 Rfe8 15. f4 Qc7 16. Ndb5 axb5 17. Nxb5 Qc6 18. Nxd6 e5 19. Nxc8 Qxc8 20. Rd6 {½-½ (55) Blagojevic,T (2004)-Djukanovic,S (2317) Cetinje 2012}) 14... Rfe8 15. Nf3 Bh6 16. Rd4 Bg7 17. Rfd1 Rc6 18. R4d2 Bh6 19. Rd3 {Strongly threatening e5.} Bg7 (19... Nh5 $11 {remains equal.}) 20. h3 ({White should try} 20. Na4 $16 Qa5 21. e5 (21. Rxd6 Rxd6 22. Rxd6 b5 $16) 21... Nxe5 22. Nxe5 dxe5 23. Bc3 (23. Bxe5 Rcc8 $14) (23. Qxe5 Qxe5 24. Bxe5 Ne4 $11)) 20... Rec8 ({Better is} 20... Nc5 $14) 21. R3d2 (21. Na4 $16 Qb4 22. a3) 21... Bh6 22. Rd4 Bg7 23. R4d2 Bh6 24. Rd4 Bg7 25. R4d2 {Accuracy: White = 78%, Black = 70%.} 1/2-1/2

[Event "FIDE Online Steinitz Memorial Open"]
[Site "Internet"]
[Date "2020.05.16"]
[Round "12"]
[White "Mamedyarov, Shakhriyar"]
[Black "Carlsen, Magnus"]
[Result "1/2-1/2"]
[WhiteElo "2716"]
[BlackElo "2887"]
[Annotator "TA"]
[PlyCount "149"]
[EventDate "2020.05.15"]
[EventType "tourn"]
[SourceTitle "playchess.com"]
[Source "ChessBase"]
[SourceQuality "1"]

{[%evp 9,149,10,18,16,12,15,10,10,8,0,0,0,0,0,4,7,14,14,19,0,0,0,0,-17,0,0,0,-7,0,-10,0,-20,0,-11,-10,-10,-16,-12,-6,-12,-9,-16,-13,-12,-15,-21,-15,-14,-14,-20,-16,-12,-13,-17,-17,-16,0,-34,-20,-74,-83,-135,-35,-157,-93,-93,-93,-93,-93,-93,-93,-100,-88,-156,-91,-91,-91,-110,-90,-93,-72,-72,-70,-79,-67,-93,-33,-33,-33,-33,-33,-68,-68,-72,-72,-72,-40,-40,-40,-40,-40,-40,-40,-40,-40,-40,-40,-40,-40,-40,0,-40,0,0,0,-40,-40,-40,-40,-40,0,-40,-40,-40,-40,-40,-40,-40,-40,-41,0,0,0,0,0,0,0,0,0,0,0,0]} 1. d4 d5 2. c4 c6 3. Nf3 Nf6 4. Qb3 e6 5. Bf4 dxc4 6. Qxc4 {D11: Slav Defence: 3 Nf3 sidelines and 3...Nf6 4 e3 Bg4.} b5 7. Qb3 Bb7 8. e3 Nbd7 9. Nbd2 {[#]} Be7 $146 ({Predecessor:} 9... a6 10. a4 Nb6 11. Be2 bxa4 12. Rxa4 Nfd5 13. Bg3 Be7 14. Ra5 Bb4 15. Rc5 a5 {½-½ (36) Landa,K (2642)-Yudin,S (2548) Loo 2013}) 10. Be2 a6 11. a4 c5 12. axb5 Bd5 13. Qc2 axb5 14. Rxa8 Qxa8 15. Bxb5 cxd4 16. exd4 O-O 17. O-O Rc8 18. Qd3 Nf8 19. b3 Ng6 (19... Bb7 {is more complex.} 20. Bc4 Ng6 21. Be3 Bb4 22. Rd1 Rc7) 20. Bg3 Ne4 21. Nxe4 Bxe4 22. Qe3 Bd5 23. h3 h6 24. Bc4 Bxc4 25. bxc4 Rxc4 26. Ne5 Nxe5 27. Bxe5 Qd5 28. Qg3 {[%csl Ge5][%cal Rg3g7]} f6 29. Bf4 Kf7 30. Be3 Bd6 31. Qg4 f5 32. Qh5+ Kf8 {With the idea ...f4.} 33. Qh4 Kg8 $36 {[%mdl 2048] Black fights for an advantage.} 34. Rb1 (34. g3 $11) 34... Kh7 $17 35. Rd1 (35. Qh5 $142) 35... f4 (35... e5 $17 {And now ...exd4 would win.} 36. Qh5 exd4) 36. Bc1 {[#]} (36. Bxf4 $15 g5 37. Qh5 gxf4 38. Qf7+ Kh8 39. Qf6+ Kg8 40. Qg6+ Kf8 41. Qxh6+ Ke8 42. Qg6+ Kd7 43. Qf7+ Be7 44. Qxf4) 36... Rxd4 (36... Qc6 $142 $1 37. Bxf4 Qa4) 37. Rxd4 Qxd4 38. Qg4 Qe4 39. Qd1 Bc5 40. Bd2 Bd4 41. Qf3 (41. Be1 $142) 41... Qb1+ ({Black should try} 41... Qxf3 42. gxf3 e5) 42. Kh2 e5 43. g3 Qc2 44. Be1 fxg3+ 45. Kxg3 Qg6+ 46. Kh2 e4 (46... Qb1 {looks sharper.} 47. Bd2 Qc2 48. Be1 Qg6 49. Bd2 Bc5) 47. Qg4 Qxg4 (47... h5 $17 48. Qe2 Qf5) 48. hxg4 {[%mdl 4096] Endgame KB-KB} Kg6 49. Kg3 Be5+ 50. f4 Bd6 {Hoping for ...Kf7.} 51. Bd2 $1 Kf6 {...g5 is the strong threat.} 52. Kf2 Ke6 53. Ke3 Kd5 54. f5 Be7 {Threatens to win with ...Bg5+.} 55. Ke2 Bg5 {Strongly threatening ...Bxd2.} 56. Bc3 Bf6 57. Bd2 Ke5 58. Bc1 Kd4 59. Be3+ Kd5 60. Bc1 Ke5 61. Bd2 Kd4 (61... Bg5 $5 62. Bc3+ $8 Kf4 63. Bxg7 Kxg4 $11) 62. Be3+ Kc3 63. Bc1 Kc4 64. Bf4 Kd5 65. Bc1 Bd4 66. Bf4 Bc3 67. Be3 Ke5 68. Bc1 Kf6 69. Bf4 Be5 70. Ke3 {[#]The position is equal.} h5 $1 {[%mdl 512]} 71. Kxe4 (71. gxh5 Kxf5) 71... Bxf4 72. Kxf4 g5+ 73. fxg6 hxg4 74. g7 Kxg7 75. Kxg4 {Accuracy: White = 84%, Black = 84%.} 1/2-1/2

[Event "FIDE Online Steinitz Memorial Open"]
[Site "Internet"]
[Date "2020.05.16"]
[Round "12"]
[White "Le, Quang Liem"]
[Black "Svidler, Peter"]
[Result "1-0"]
[WhiteElo "2690"]
[BlackElo "2754"]
[Annotator "TA"]
[PlyCount "121"]
[EventDate "2020.05.15"]
[EventType "tourn"]
[SourceTitle "playchess.com"]
[Source "ChessBase"]
[SourceQuality "1"]

{[%evp 16,121,50,0,10,0,0,-6,-7,-6,-5,-22,-26,-59,-31,-22,-12,-22,-22,-21,15,12,7,0,8,8,21,22,24,-7,68,62,59,73,120,109,121,125,144,85,193,85,85,85,216,187,309,166,234,218,211,157,152,144,159,122,159,75,74,74,187,179,166,119,172,120,118,118,205,205,208,201,3040,1908,5907,5854,4776,4926,29950,2396,29961,29964,29963,29965,29959,29965,29966,29967,29965,29967,29968,29965,29966,0,29967,29969,29974,29969,29968,29966,29969,29971,29972,29965,29974,29975,29970,29970]} 1. Nf3 Nf6 2. c4 g6 3. Nc3 d5 4. cxd5 Nxd5 5. e4 Nxc3 6. dxc3 Qxd1+ 7. Kxd1 Nd7 8. Bf4 c6 9. Kc2 f6 {A16: English Opening: 1...Nf6 with ...d5.} 10. e5 $5 {[%mdl 4] An interesting side line.} g5 11. Bg3 g4 {The position is equal.} 12. Nh4 Nxe5 13. Bxe5 fxe5 {[#]} 14. h3 $146 ({Predecessor:} 14. Bd3 Bg7 15. Nf5 O-O 16. Nxe7+ Kh8 17. Nxc8 Rxf2+ 18. Kb3 Rxc8 19. Be4 Rd8 20. Rad1 {0-1 (34) Atalik,E (2400)-Howell,D (2519) Ottawa 2007}) 14... Bg7 {Strongly threatening ...Rf8.} 15. hxg4 Bxg4 16. Bd3 Bf6 17. Nf5 Rd8 18. Ne3 Be6 19. Bxh7 Kf7 20. Bf5 Bg5 {White must now prevent ...Bxf5+.} 21. Bxe6+ Kxe6 22. Rae1 e4 (22... Rxh1 $11 23. Rxh1 Bxe3 24. fxe3 Rf8) 23. Rxh8 $14 Rxh8 {[%mdl 4096] Endgame KRB-KRN} 24. Nf1 Ke5 25. f3 Rh1 26. Rxe4+ Kf6 27. Ne3 ({Better is} 27. Ng3 $1 {[%cal Rg3h1]} Rg1 28. Rg4) 27... Rg1 (27... Bxe3 $16 28. Rxe3 b5) 28. Ng4+ (28. f4 $18 {has better winning chances.} Bh4 29. g4) 28... Kf5 $16 29. Re2 b5 (29... Bf4 $16) 30. Kb3 a5 (30... Bf4 $142 31. Kb4 (31. Rxe7 Rxg2 32. Rf7+ Kg5 $16) 31... Bd6+ 32. Ka5 Ra1) 31. a4 (31. Ne5 $142) 31... Bf4 (31... Bf6 $142 32. Nh6+ Kg6) 32. Rxe7 $18 Rxg2 33. axb5 cxb5 34. Rb7 b4 35. cxb4 axb4 36. Rb5+ ({Don't play} 36. Rxb4 $6 Rg3 $11) (36. Rf7+ $142 $1 Kg5 37. Ne3 $1 {[%mdl 512]} (37. Kxb4 Rxb2+ 38. Kc4 Rc2+ 39. Kd5 Rd2+ 40. Ke4 Re2+ 41. Kd5 Rd2+ 42. Kc6 Rc2+ 43. Kb7 Rb2+ 44. Kc6 Rc2+ 45. Kd5 Rd2+ $11)) 36... Ke6 $16 37. Rxb4 Bd6 (37... Bc1 $16) 38. Re4+ $18 Kd7 39. Kc3 Kc6 {[#]} (39... Rg3 $16 {was called for.}) 40. b3 (40. Ne5+ $1 $18 Kb5 41. Nd3) 40... Rg3 $16 41. Re3 Bc5 {[#]} (41... Rg1 $16 42. Nf6 Rg5) 42. Rd3 $1 $18 Rg1 43. Ne5+ Kb5 $2 (43... Kc7 44. Rd7+ Kc8) 44. Rd5 Kb6 45. Nd7+ Kc6 46. Rxc5+ Kxd7 {KR-KR} 47. f4 (47. b4 $142 Rf1 48. Rf5 Ke6 49. Rf4 Rc1+ 50. Kd4 Kd6 51. Rf6+ Ke7 52. Rf5) 47... Kd6 48. b4 Rc1+ 49. Kd4 Rd1+ 50. Kc4 Rf1 51. f5 Rf4+ 52. Kb5 Rh4 53. Ka5 Rf4 54. Kb5 Rh4 $1 55. f6 {White mates.} Rf4 56. Rc6+ Kd5 57. Ra6 Rf1 58. Ka5 Ra1+ 59. Kb6 Rf1 60. Kc7 Kc4 61. Kd7 {Accuracy: White = 72%, Black = 48%.} 1-0

[Event "FIDE Online Steinitz Memorial Open"]
[Site "Internet"]
[Date "2020.05.16"]
[Round "12"]
[White "Korobov, Anton"]
[Black "Dubov, Daniil"]
[Result "1/2-1/2"]
[WhiteElo "2667"]
[BlackElo "2720"]
[Annotator "TA"]
[PlyCount "41"]
[EventDate "2020.05.15"]
[EventType "tourn"]
[SourceTitle "playchess.com"]
[Source "ChessBase"]
[SourceQuality "1"]

{[%evp 20,41,18,17,11,12,10,15,15,9,6,14,10,8,7,0,0,0,0,0,0,0,0,0]} 1. d4 Nf6 2. c4 e6 3. Nf3 d5 4. Nc3 c6 5. e3 Nbd7 6. Be2 b6 7. O-O Bb7 8. b3 Be7 9. Bb2 O-O 10. Qc2 Rc8 11. Rad1 {The position is equal.} Re8 {D45: Semi-Slav: 5 e3.} 12. e4 dxe4 13. Nxe4 {[#]} Nxe4 $146 ({Predecessor:} 13... Qc7 14. Rfe1 Nxe4 15. Qxe4 c5 16. Qg4 Nf6 17. Qh3 Be4 18. Bd3 Bxd3 19. Rxd3 Rcd8 {1-0 (49) Plachetka,J (2425)-Schmitz,T St Ingbert 1990}) 14. Qxe4 Qc7 15. Bd3 Nf6 16. Qh4 h6 17. c5 Nd5 18. Qe4 {[#] White wants to mate with Qh7+.} Nf6 19. Qh4 Nd5 20. Qe4 {Threatening mate with Qh7+.} Nf6 21. Qh4 {An uneventful encounter. Accuracy: White = 100%, Black = 100%.} 1/2-1/2

[Event "FIDE Online Steinitz Memorial Open"]
[Site "Internet"]
[Date "2020.05.16"]
[Round "12"]
[White "Anton Guijarro, David"]
[Black "Bu, Xiangzhi"]
[Result "0-1"]
[WhiteElo "2590"]
[BlackElo "2760"]
[Annotator "TA"]
[PlyCount "58"]
[EventDate "2020.05.15"]
[EventType "tourn"]
[SourceTitle "playchess.com"]
[Source "ChessBase"]
[SourceQuality "1"]

{[%evp 11,58,14,15,1,17,22,16,18,8,0,5,0,27,0,23,-4,4,-4,47,0,0,0,0,-42,-55,-52,-43,-138,-121,-340,-349,-337,-83,-77,566,-708,-708,-715,-712,-707,-705,-678,-681,-1113,-1058,-29993,-789,-29994,-29991]} 1. Nf3 d5 2. b3 c5 3. e3 Nc6 4. Bb5 Bd7 5. Bb2 Nf6 6. O-O e6 7. c4 {A06: Réti Opening: 1 Nf3 d5.} a6 8. Bxc6 Bxc6 9. Ne5 {The position is equal.} Qc7 $5 {[%mdl 4] [#] An interesting side line.} 10. cxd5 $146 ({Predecessor:} 10. Nxc6 Qxc6 11. Bxf6 gxf6 12. cxd5 Qxd5 13. Nc3 Qf5 14. Rc1 Rg8 15. f4 O-O-O 16. Qc2 Qxc2 17. Rxc2 f5 18. d4 cxd4 19. Nb5+ Kb8 20. Nxd4 Rd5 {½-½ (20) Kazmierczuk,Z (2110)-Schott,R (2176) ICCF email 2018}) 10... Bxd5 11. d3 Be7 12. Nd2 O-O 13. Rc1 Rfd8 14. Qe2 Rac8 (14... b5 $11) 15. f4 (15. e4 $5 {[%cal Re4d5]}) 15... b5 16. e4 Bb7 17. Ng4 Nxg4 18. Qxg4 {[%csl Gb2][%cal Rg4g7]} g6 {Strongly threatening ...c4.} 19. f5 (19. Qe2 $1 $15) 19... exf5 $1 $17 (19... Rxd3 20. fxg6 hxg6 21. Nf3 $18) 20. Rxf5 $2 (20. exf5 $17 c4 21. d4 (21. fxg6 Qb6+ {[%mdl 64] Double Attack} 22. d4 Qxg6 $17)) 20... Rxd3 $19 21. Nf3 {And now Ne5 would win.} Rf8 $2 (21... c4 $19 {has better winning chances.} 22. Ne5 Qb6+ 23. Kh1 c3) 22. Ne5 $17 Re3 $2 {[%mdl 8192]} (22... Rd2 $17 {and life is bright.} 23. Bc3 Bc8 {[%mdl 64] Pin} 24. Bxd2 Bxf5 25. exf5 Qxe5) 23. Nxf7 $4 {[%mdl 8192]} (23. Rcf1 $18 Rxe4 24. Nxf7 $1 {[%mdl 512]}) 23... Rxf7 $19 24. Rxf7 Kxf7 25. Rf1+ Ke8 26. Qe6 Qd6 27. Qg8+ Kd7 28. e5 {[#]} Qd5 (28... Qd2 $142 $1 29. e6+ {[#]} Kc7 $1 {[%mdl 512]} 30. Be5+ Rxe5 31. Qd8+ Bxd8 32. Rf7+ Kc8 $1 {[%mdl 512]} 33. Rc7+ Kxc7 34. h3 Qxg2#) 29. e6+ Rxe6 {Accuracy: White = 45%, Black = 56%.} 0-1

[Event "FIDE Online Steinitz Memorial Open"]
[Site "Internet"]
[Date "2020.05.17"]
[Round "13"]
[White "Carlsen, Magnus"]
[Black "Korobov, Anton"]
[Result "1-0"]
[WhiteElo "2887"]
[BlackElo "2667"]
[Annotator "TA"]
[PlyCount "71"]
[EventDate "2020.05.15"]
[EventType "tourn"]
[SourceTitle "playchess.com"]
[Source "ChessBase"]
[SourceQuality "1"]

{[%evp 14,71,46,44,71,33,26,13,30,10,44,29,28,30,28,10,17,0,84,48,71,85,72,51,120,114,174,164,209,195,245,242,253,249,247,243,276,266,260,257,265,266,367,343,425,425,422,414,1549,550,1572,1547,1557,1540,1367,1160,1944,1085,29996,29989]} 1. d4 Nf6 2. Nf3 g6 3. c4 Bg7 4. Nc3 d6 5. e4 O-O 6. h3 a6 7. Be3 c6 8. c5 Nbd7 {E90: King's Indian: Classical: Early deviations and 6 h3.} 9. a3 b5 10. Be2 {[#]} a5 $146 {The position is equal.} ({Predecessor:} 10... Bb7 11. O-O dxc5 12. dxc5 e5 13. b4 a5 14. bxa5 Qe7 15. Qb3 Rxa5 16. a4 Rfa8 17. Rfc1 Nxc5 18. Qb4 Bf8 19. axb5 Ncd7 20. Qxe7 {½-½ (20) Alvarez Ibarra,R (2420)-Sorin,A (2425) Cuba 1993}) 11. O-O Bb7 12. Qc2 dxc5 13. dxc5 Qc7 14. Rfd1 Rfd8 15. Rac1 Nh5 (15... a4 $11) 16. Bf1 Nf8 17. a4 b4 18. Nb1 {[%cal Bc3b1,Bb1d2,Bd2c4,Bc4d6][%mdl 32]} e5 {White now steadily converts the win.} ({Black should play} 18... Rxd1 $14 19. Rxd1 Nf4) 19. Nbd2 $16 Ne6 (19... Nf4 $16) 20. Nc4 $18 Nd4 {[#]} 21. Bxd4 $1 exd4 22. e5 Ba6 23. Nd6 {Bxa6 is the strong threat.} ({And not} 23. Rxd4 Rxd4 24. Nxd4 Bxc4 $11) (23. Nxd4 Bxc4 24. Bxc4 Bxe5 $11) 23... Bxf1 24. Kxf1 Nf4 25. Qe4 ({Don't do} 25. Rxd4 $6 Ne6 $16) 25... Ne6 26. Nxd4 Nxd4 27. Rxd4 ({Don't take} 27. Qxd4 $6 Qe7 $16) 27... Qe7 28. Re1 Qe6 29. Qxc6 Qb3 30. Qd5 Qxb2 (30... Qxd5 $142 31. Rxd5 Ra7) 31. Qxf7+ Kh8 32. Qd5 {[#] White threatens Nf7+ and mate.} Rf8 33. Rd2 Qc3 34. e6 b3 35. e7 {Intending Nf7+ and mate.} b2 36. exf8=Q+ {Accuracy: White = 84%, Black = 46%.} 1-0

[Event "FIDE Online Steinitz Memorial Open"]
[Site "Internet"]
[Date "2020.05.17"]
[Round "13"]
[White "Bu, Xiangzhi"]
[Black "Grischuk, Alexander"]
[Result "1-0"]
[WhiteElo "2760"]
[BlackElo "2765"]
[Annotator "RC"]
[PlyCount "97"]
[EventDate "2020.05.15"]
[EventType "tourn"]
[SourceTitle "playchess.com"]
[Source "ChessBase"]
[SourceQuality "1"]
[TimeControl "180+2"]

1. d4 Nf6 2. Nf3 {[%emt 0:00:04]} g6 {[%emt 0:00:04]} 3. Bf4 {[%emt 0:00:02]} Bg7 {[%emt 0:00:01]} 4. c3 {[%emt 0:00:01]} O-O {[%emt 0:00:01]} 5. h3 {[%emt 0:00:01]} c5 {[%emt 0:00:07]} 6. e3 {[%emt 0:00:02]} d6 {[%emt 0:00:03]} 7. dxc5 {[%emt 0:00:02]} dxc5 {[%emt 0:00:01]} 8. Qxd8 {[%emt 0:00:02]} Rxd8 {[%emt 0:00:00]} 9. Bc7 {[%emt 0:00:01]} Rd7 {[%emt 0:00:07]} 10. Bh2 {[%emt 0:00:02]} b6 {[%emt 0:00:07]} 11. Bb5 {[%emt 0:00:05]} Rd8 {[%emt 0:00:01]} 12. Nbd2 {[%emt 0:00:06]} Bb7 {[%emt 0:00:02]} 13. O-O {[%emt 0:00:06]} Nc6 {[%emt 0:00:01]} 14. Rfd1 {[%emt 0:00:02]} Kf8 {[%emt 0:00:11]} 15. Be2 {[%emt 0:00:10]} Rd7 {[%emt 0:00:09]} 16. a4 {[%emt 0:00:06]} Rad8 {[%emt 0:00:03]} 17. Nc4 {[%emt 0:00:28]} Rxd1+ {[%emt 0:00:09]} 18. Rxd1 {[%emt 0:00:09]} Rxd1+ {[%emt 0:00:01]} 19. Bxd1 {[%emt 0:00:00]} Ne4 {[%emt 0:00:12]} 20. Bc2 {[%emt 0:00:04]} Nf6 {[%emt 0:00:04]} 21. Nfe5 {[%emt 0:00:16]} Nxe5 {[%emt 0:00:04]} 22. Bxe5 {[%emt 0:00:01]} Nd7 {[%emt 0:00:04]} 23. Bc7 {[%emt 0:00:03]} Ke8 {[%emt 0:00:10]} 24. f3 {[%emt 0:00:10]} Bd5 {[%emt 0:00:11]} 25. Bd3 {[%emt 0:00:03]} Bxc4 {[%emt 0:00:09]} 26. Bxc4 {[%emt 0:00:01]} Be5 {[%emt 0:00:01]} 27. Bxe5 {[%emt 0:00:02]} Nxe5 {[%emt 0:00:00]} 28. Bb5+ {[%emt 0:00:01]} Kd8 {[%emt 0:00:00]} 29. f4 {[%emt 0:00:01]} Nd7 {[%emt 0:00:01]} 30. Kf2 {[%emt 0:00:05]} Kc7 {[%emt 0:00:09]} 31. Kf3 {[%emt 0:00:08]} Kd6 {[%emt 0:00:20]} 32. g4 {[%emt 0:00:14]} h6 {[%emt 0:00:26]} 33. h4 {[%emt 0:00:06]} Nf6 {[%emt 0:00:10]} 34. g5 {[%emt 0:00:34]} hxg5 {[%emt 0:00:00]} 35. hxg5 {[%emt 0:00:01]} Nh5 {[%emt 0:00:00]} 36. Be8 {[%emt 0:00:16]} Ke6 {[%emt 0:00:17]} 37. e4 {[%emt 0:00:01]} Ng7 {[%emt 0:00:03]} 38. Bb5 {[%emt 0:00:02]} Kd6 {[%emt 0:00:05]} 39. Kg4 {[%emt 0:00:03]} e6 {[%emt 0:00:07]} 40. b3 {[%emt 0:00:10]} Nh5 {[%emt 0:00:13]} 41. f5 {[%emt 0:00:06]} Ke5 {[%emt 0:00:03]} 42. f6 {[%emt 0:00:06]} Nf4 {[%emt 0:00:18]} 43. Be8 {[%emt 0:00:03]} Nd3 {[%emt 0:00:01]} 44. Bxf7 {[%emt 0:00:03]} Nf2+ {[%emt 0:00:00]} 45. Kh4 {[%emt 0:00:01]} Nxe4 {[%emt 0:00:06]} 46. Bxg6 {[%emt 0:00:01]} Nxf6 {[%emt 0:00:06]} 47. gxf6 {[%emt 0:00:01]} Kxf6 {[%emt 0:00:00]} 48. Bd3 {[%emt 0:00:02]} Ke5 {[%emt 0:00:02]} 49. Kg4 {[%emt 0:00:01]} 1-0